| Tag |
First Indicator |
Second Indicator |
Subfields |
| LEADER |
00000cam a2200000W 4500 |
| 001 |
in00000173713 |
| 005 |
20151008081816.0 |
| 008 |
730604s1973 nyua 00000beng d |
| 010 |
|
|
|a 72010488
|
| 020 |
|
|
|a 0877494150
|c $7.95
|
| 035 |
|
|
|a (OCoLC)00649885
|
| 035 |
|
|
|9 AAT4930AM
|
| 040 |
|
|
|a DLC
|c DLC
|d TXA
|d UtOrBLW
|
| 049 |
|
|
|a TXAM
|c [1335567]
|
| 050 |
0 |
0 |
|a PN2287.M37
|b M3
|
| 082 |
0 |
|
|a 791.43/028/0924
|a B
|
| 100 |
1 |
|
|a Mann, May.
|
| 245 |
1 |
0 |
|a Jayne Mansfield ;
|b a biography.
|
| 264 |
|
1 |
|a New York :
|b Drake Publishers,
|c [1973]
|
| 300 |
|
|
|a xiv, 277 pages :
|b illustrations ;
|c 24 cm.
|
| 336 |
|
|
|a text
|b txt
|2 rdacontent
|
| 337 |
|
|
|a unmediated
|b n
|2 rdamedia
|
| 338 |
|
|
|a volume
|b nc
|2 rdacarrier
|
| 600 |
1 |
0 |
|a Mansfield, Jayne,
|d 1933-1967.
|
| 999 |
|
|
|a MARS
|
| 999 |
f |
f |
|s d55b69b7-227e-3ce0-9c96-a78838d4f58d
|i 27cdf6ec-7f18-3812-a5ce-e21dc8aa3b40
|t 0
|
| 952 |
f |
f |
|p ric
|a Texas A&M University
|b Rellis Campus
|c Joint Library Facility
|d Remote Storage
|t 0
|e PN2287.M37 M3
|h Library of Congress classification
|i unmediated -- volume
|m A14803705135
|
| 998 |
f |
f |
|a PN2287.M37 M3
|t 0
|l Remote Storage
|